[Event "ECCC 2013"]
[Site "Rhodes"]
[Date "2013.10.20"]
[Round "1"]
[White "Tisdall, Jonathan D"]
[Black "Seitaj, Ilir"]
[Result "1/2-1/2"]
[WhiteElo "2437"]
[BlackElo "2378"]
[PlyCount "89"]
[EventDate "2013.10.20"]
[EventType "team"]
[EventRounds "7"]
[EventCountry "GRE"]
[WhiteTeam "Asker"]
[BlackTeam "Klubi Sportiv "]

1. Nf3 Nf6 2. c4 c6 3. e3 d5 4. b3 g6 5. Bb2 Bg7 6. Be2 Bg4 7. h3 Bxf3 8. Bxf3
O-O 9. O-O Re8 10. d4 Na6 11. Nc3 Nc7 12. g3 Qd7 13. Bg2 Red8 14. Qe2 Nce8 15.
Rac1 Rac8 16. Rfd1 e6 17. a4 Nd6 18. c5 Nde4 19. b4 Qc7 20. Qc2 Nxc3 21. Bxc3
Nd7 22. Rb1 e5 23. e4 exd4 24. Bxd4 Bxd4 25. Rxd4 dxe4 26. Qxe4 Nf8 27. Rbd1
Rxd4 28. Rxd4 Ne6 29. Rd6 a5 30. h4 Re8 31. Bh3 axb4 32. Bxe6 Rxe6 33. Rxe6
fxe6 34. Qxb4 Qd7 35. a5 Qd1+ 36. Kh2 Qf3 37. Qd4 Qd5 38. Qb4 Qf3 39. Kg1 Qd1+
40. Kg2 Qd5+ 41. f3 Qa2+ 42. Kh3 Qc2 43. Qxb7 Qf5+ 44. Kg2 Qc2+ 45. Kh3 1/2-1/2

[Event "ECCC 2013"]
[Site "Rhodes"]
[Date "2013.10.20"]
[Round "1"]
[White "Mihasi, Lime"]
[Black "Ostenstad, Berge"]
[Result "0-1"]
[WhiteElo "2030"]
[BlackElo "2465"]
[PlyCount "88"]
[EventDate "2013.10.20"]
[EventType "team"]
[EventRounds "7"]
[EventCountry "GRE"]
[WhiteTeam "Klubi Sportiv "]
[BlackTeam "Asker"]

1. e4 c5 2. Nf3 e6 3. d4 cxd4 4. Nxd4 a6 5. a3 Nf6 6. Nc3 Qc7 7. Be3 b5 8. f3
Bb7 9. Qd2 Nc6 10. Be2 Ne5 11. O-O d6 12. Kh1 Be7 13. Bg1 O-O 14. Nd1 d5 15.
exd5 Nxd5 16. Nf2 Nc4 17. Bxc4 Qxc4 18. Nd3 Qc7 19. Rfe1 Rfd8 20. Qe2 Bf6 21.
Nb3 Nf4 22. Nxf4 Qxf4 23. c3 Bd5 24. Nd4 h6 25. Rad1 Rd7 26. Be3 Qc7 27. Qf2
Rb8 28. Rd2 a5 29. Ne2 Bb3 30. Rxd7 Qxd7 31. Bxh6 Bc4 32. Ng3 Qd8 33. Bf4 Rb7
34. Ne4 Be7 35. Be5 Rd7 36. Qg3 f6 37. Bd4 e5 38. Be3 f5 39. Bh6 Bh4 40. Qg6
fxe4 41. g3 exf3 42. Kg1 Bf6 43. Kf2 Bf7 44. Qg4 Rd2+ 0-1

[Event "ECCC 2013"]
[Site "Rhodes"]
[Date "2013.10.20"]
[Round "1"]
[White "Mihasi, Erald"]
[Black "Hammerstad, Asmund"]
[Result "0-1"]
[WhiteElo "1862"]
[BlackElo "2275"]
[PlyCount "76"]
[EventDate "2013.10.20"]
[EventType "team"]
[EventRounds "7"]
[EventCountry "GRE"]
[WhiteTeam "Klubi Sportiv "]
[BlackTeam "Asker"]

1. Nf3 g6 2. g3 Bg7 3. Bg2 e5 4. O-O e4 5. Ne1 d5 6. d4 f5 7. e3 Nf6 8. c4 O-O
9. Qb3 c5 10. Nc2 cxd4 11. Nxd4 Na6 12. Rd1 Nc5 13. Qc2 Nd3 14. Bf1 Kh8 15.
Bxd3 exd3 16. Qxd3 dxc4 17. Qxc4 Ng4 18. Nc3 Qg5 19. h3 Ne5 20. Qe2 Qh6 21. f4
Nc6 22. Nxc6 bxc6 23. Qg2 Rb8 24. e4 Qh5 25. e5 Bb7 26. Kh2 c5 27. Qf2 Bf3 28.
Rd7 Bg4 29. h4 g5 30. b3 gxh4 31. gxh4 Rg8 32. Be3 Rbd8 33. Rxd8 Rxd8 34. Na4
Bf8 35. Bxc5 Rd3 36. Be3 Be7 37. Qg2 Rxe3 38. Qf2 Re2 0-1

[Event "ECCC 2013"]
[Site "Rhodes"]
[Date "2013.10.20"]
[Round "1"]
[White "Jones, Iolo C"]
[Black "Karttunen, Mika"]
[Result "0-1"]
[WhiteElo "2190"]
[BlackElo "2445"]
[PlyCount "156"]
[EventDate "2013.10.20"]
[EventType "team"]
[EventRounds "7"]
[EventCountry "GRE"]
[WhiteTeam "Cardigan"]
[BlackTeam "Tammer-Shakki"]

1. d4 e6 2. Nf3 f5 3. Nc3 d5 4. Bf4 c6 5. e3 Nf6 6. a3 Be7 7. Ne5 O-O 8. Be2 a5
9. O-O b5 10. a4 b4 11. Nb1 Nfd7 12. Qc1 Nxe5 13. Bxe5 Nd7 14. Bg3 c5 15. c3
Ba6 16. Qd1 Qb6 17. Bxa6 Qxa6 18. Nd2 c4 19. Nf3 b3 20. Ne5 Nb6 21. f3 Qc8 22.
e4 f4 23. Bf2 Bd6 24. Re1 Qc7 25. Qe2 Rad8 26. Kh1 Rde8 27. g3 Rb8 28. gxf4
Rxf4 29. Bg3 Bxe5 30. exd5 Bd6 31. Qxe6+ Kf8 32. Bxf4 Bxf4 33. Qf5+ Kg8 34.
Qe6+ Qf7 35. d6 Qxe6 36. Rxe6 Nd7 37. Rae1 Kf8 38. R1e4 Bc1 39. Re2 Rd8 40. Kg2
Kf7 41. Re7+ Kf8 42. R7e6 Nf6 43. R6e5 Rxd6 44. Rxa5 Nd5 45. Kf2 Kf7 46. Kg3
Kg6 47. Kg4 Ne3+ 48. Kg3 Nc2 49. Rc5 Bxb2 50. Rxc4 Bc1 51. Rc7 Rb6 52. a5 b2
53. axb6 b1=Q 54. b7 Ba3 55. Rd7 Qb6 56. f4 Qb1 57. Rxc2 Qxc2 58. b8=Q Qxc3+
59. Kf2 Qc2+ 60. Ke1 Qc1+ 61. Ke2 Qc4+ 62. Ke3 Qe6+ 63. Kf3 Qxd7 64. Qb1+ Qf5
65. Qb6+ Kh5 66. Qa7 Qd3+ 67. Kf2 Kh6 68. Qb6+ g6 69. Qf6 Qf5 70. Qh4+ Kg7 71.
Qg3 Bb2 72. Qe3 Qf6 73. Kf3 Bxd4 74. Qe4 Bc5 75. Qb7+ Kh6 76. Qc8 Qf5 77. Qd8
Qh3+ 78. Ke4 Qe3+ 0-1

[Event "ECCC 2013"]
[Site "Rhodes"]
[Date "2013.10.20"]
[Round "1"]
[White "Maki, Veijo"]
[Black "Heap, Gerry"]
[Result "1/2-1/2"]
[WhiteElo "2379"]
[BlackElo "2010"]
[PlyCount "94"]
[EventDate "2013.10.20"]
[EventType "team"]
[EventRounds "7"]
[EventCountry "GRE"]
[WhiteTeam "Tammer-Shakki"]
[BlackTeam "Cardigan"]

1. g3 c5 2. Bg2 Nc6 3. Nf3 g6 4. O-O Bg7 5. c3 d5 6. d3 Bf5 7. Nbd2 Nf6 8. Re1
Qd7 9. Qa4 Rc8 10. e4 dxe4 11. dxe4 Be6 12. Ng5 O-O 13. Nxe6 Qxe6 14. Nf3 Qd7
15. Qc4 e5 16. Bg5 b6 17. Rad1 Qc7 18. Nd2 h6 19. Bxf6 Bxf6 20. Nf1 Rfd8 21.
Ne3 Ne7 22. h4 Rxd1 23. Rxd1 Rd8 24. Bf3 h5 25. a4 Bg7 26. b4 Bh6 27. Nd5 Nxd5
28. exd5 Bf8 29. b5 Qd6 30. g4 hxg4 31. Qxg4 f5 32. Qh3 e4 33. Bg2 Qe5 34. c4
Bd6 35. h5 g5 36. h6 Kh7 37. Qh5 Qf6 38. Re1 Bf4 39. Kf1 Rf8 40. Qh3 Qxh6 41.
Qa3 Qf6 42. a5 Kg6 43. axb6 axb6 44. Qa7 Rf7 45. Qa8 Qc3 46. Qg8+ Qg7 47. Qc8
Qc3 1/2-1/2

[Event "ECCC 2013"]
[Site "Rhodes"]
[Date "2013.10.20"]
[Round "1"]
[White "Van Kemenade, Rudy"]
[Black "Mertanen, Janne"]
[Result "1/2-1/2"]
[WhiteElo "2031"]
[BlackElo "2350"]
[PlyCount "92"]
[EventDate "2013.10.20"]
[EventType "team"]
[EventRounds "7"]
[EventCountry "GRE"]
[WhiteTeam "Cardigan"]
[BlackTeam "Tammer-Shakki"]

1. f4 d5 2. Nf3 g6 3. g3 Bg7 4. Bg2 Nh6 5. d3 O-O 6. O-O d4 7. c3 Nf5 8. g4 Ne3
9. Bxe3 dxe3 10. h3 Qd6 11. Ng5 Qb6 12. Qb3 h6 13. Ne4 Be6 14. Qxb6 axb6 15. f5
Rxa2 16. Rxa2 Bxa2 17. Na3 Bb3 18. Rf3 c6 19. Rxe3 Be5 20. Rf3 gxf5 21. Rxf5 f6
22. Nd2 Be6 23. Rf1 Nd7 24. Nac4 Bc7 25. Ra1 b5 26. Ne3 Kf7 27. d4 Bb6 28. Kh1
h5 29. gxh5 Rh8 30. Bf3 Bxh3 31. Ne4 Nf8 32. Nc5 e5 33. b4 exd4 34. cxd4 Ne6
35. Kh2 Ng5 36. d5 Nxf3+ 37. Kxh3 Ng5+ 38. Kg4 Bxc5 39. bxc5 Re8 40. Nf5 Rxe2
41. dxc6 Rg2+ 42. Kf4 bxc6 43. Ra7+ Kf8 44. Ra8+ Kf7 45. Ra7+ Kf8 46. Ra8+ Kf7
1/2-1/2

[Event "ECCC 2013"]
[Site "Rhodes"]
[Date "2013.10.20"]
[Round "1"]
[White "Koykka, Pekka"]
[Black "Haigh, Tony"]
[Result "1-0"]
[WhiteElo "2302"]
[BlackElo "1776"]
[PlyCount "41"]
[EventDate "2013.10.20"]
[EventType "team"]
[EventRounds "7"]
[EventCountry "GRE"]
[WhiteTeam "Tammer-Shakki"]
[BlackTeam "Cardigan"]

1. Nf3 e6 2. g3 d5 3. Bg2 Nf6 4. O-O c5 5. c4 Nc6 6. d4 Bd7 7. cxd5 Nxd5 8. e4
Nf6 9. d5 Nb4 10. Nc3 exd5 11. exd5 Bd6 12. Re1+ Kf8 13. a3 Na6 14. Ne5 h6 15.
Nc4 Be8 16. Qb3 b5 17. Nxb5 Bxb5 18. Qxb5 Nc7 19. Qc6 Nce8 20. Nxd6 Nxd6 21.
Bf4 1-0

[Event "ECCC 2013"]
[Site "Rhodes"]
[Date "2013.10.20"]
[Round "1"]
[White "Van Kemenade, Julie"]
[Black "Ahvenjarvi, Jani"]
[Result "0-1"]
[WhiteElo "1743"]
[BlackElo "2241"]
[PlyCount "110"]
[EventDate "2013.10.20"]
[EventType "team"]
[EventRounds "7"]
[EventCountry "GRE"]
[WhiteTeam "Cardigan"]
[BlackTeam "Tammer-Shakki"]

1. e4 e5 2. Nf3 Nc6 3. Bb5 a6 4. Ba4 Nf6 5. d3 b5 6. Bb3 Be7 7. O-O d6 8. c3
O-O 9. Nbd2 Na5 10. Bc2 c5 11. Re1 Re8 12. Nf1 g6 13. Ng3 Bf8 14. Bg5 h6 15.
Be3 Qc7 16. h3 d5 17. Qc1 Kh7 18. Nh4 dxe4 19. dxe4 Nc4 20. b3 Nxe3 21. Qxe3
Be6 22. Kh1 c4 23. b4 a5 24. a3 Ra6 25. Rad1 axb4 26. axb4 Ra3 27. Qd2 Be7 28.
Nf3 Rd8 29. Qe3 Rxd1 30. Rxd1 Bxb4 31. Ne2 Bc5 32. Qc1 Nd7 33. Nfd4 exd4 34.
cxd4 b4 35. dxc5 Nxc5 36. f4 c3 37. Nd4 Ra8 38. f5 Ba2 39. fxg6+ fxg6 40. Rf1
b3 41. Nb5 Qg7 42. Nd6 bxc2 43. Qxc2 Qe5 44. Qd1 Rd8 45. Qa1 Bg8 46. Nf7 Bxf7
47. Rxf7+ Kg8 48. Rf1 Nxe4 49. Re1 Re8 50. Kg1 h5 51. Qa2+ Kh7 52. Qf7+ Kh6 53.
h4 c2 54. Rc1 Rd8 55. Rf1 Ng3 0-1

[Event "ECCC 2013"]
[Site "Rhodes"]
[Date "2013.10.21"]
[Round "2"]
[White "Topalov, Veselin"]
[Black "Jepson, Christian"]
[Result "1-0"]
[WhiteElo "2771"]
[BlackElo "2392"]
[PlyCount "139"]
[EventDate "2013.10.20"]
[EventType "team"]
[EventRounds "7"]
[EventCountry "GRE"]
[WhiteTeam "SOCAR"]
[BlackTeam "Limhamns SK"]

1. e4 e5 2. Nf3 Nc6 3. Bb5 a6 4. Ba4 Nf6 5. O-O Be7 6. Re1 b5 7. Bb3 O-O 8. a4
b4 9. d3 d6 10. Nbd2 Na5 11. Ba2 c5 12. c3 Rb8 13. Nc4 bxc3 14. bxc3 Be6 15.
Nxa5 Qxa5 16. Bxe6 fxe6 17. Qc2 Rfe8 18. Be3 Ng4 19. Bd2 c4 20. h3 Nf6 21. Qa2
Rbc8 22. Rab1 Bd8 23. d4 exd4 24. cxd4 c3 25. Bg5 d5 26. Bxf6 Bxf6 27. Rbc1 Rc4
28. exd5 Qxd5 29. Rxc3 Rxd4 30. Qxd5 Rxd5 31. Rc6 Ra5 32. Re4 Rd8 33. g4 h6 34.
Kg2 Rd3 35. Rexe6 Rxa4 36. Rxa6 Rxa6 37. Rxa6 Rb3 38. Ra4 Rb2 39. h4 Rb5 40.
Rc4 Ra5 41. h5 Ra2 42. Rc8+ Kf7 43. Rc7+ Ke6 44. Rc4 Rb2 45. Ne1 Bh4 46. Nd3
Rd2 47. Rd4 Ra2 48. Kf3 Rc2 49. Ra4 Bg5 50. Ra6+ Ke7 51. Ke4 Rc4+ 52. Kf5 Rd4
53. Ra3 Bf6 54. f4 Rd7 55. Ne5 Rc7 56. Ra8 Bxe5 57. fxe5 Kf7 58. Ra5 Ke7 59.
Ra6 Kf7 60. Rd6 Ke7 61. Rd5 Rc6 62. Rb5 Rc7 63. e6 Kd6 64. Re5 Ke7 65. Kg6 Rc4
66. Kxg7 Rxg4+ 67. Kxh6 Rh4 68. Kg5 Rh1 69. h6 Rg1+ 70. Kf5 1-0

[Event "ECCC 2013"]
[Site "Rhodes"]
[Date "2013.10.21"]
[Round "2"]
[White "Safarli, Eltaj"]
[Black "Penalver, Osmani"]
[Result "1-0"]
[WhiteElo "2651"]
[BlackElo "2264"]
[PlyCount "81"]
[EventDate "2013.10.20"]
[EventType "team"]
[EventRounds "7"]
[EventCountry "GRE"]
[WhiteTeam "SOCAR"]
[BlackTeam "Limhamns SK"]

1. e4 c5 2. Nf3 d6 3. Bc4 Nf6 4. Qe2 Nc6 5. h3 e6 6. Bb3 Na5 7. Ba4+ Bd7 8.
Bxd7+ Qxd7 9. e5 Nd5 10. Nc3 Nxc3 11. dxc3 Nc6 12. exd6 Bxd6 13. Be3 Qc7 14.
O-O-O O-O-O 15. Ng5 Bf4 16. g3 Bxg5 17. Bxg5 Rxd1+ 18. Rxd1 Re8 19. Bf4 Qa5 20.
a3 Rd8 21. Rxd8+ Qxd8 22. Qh5 Qe7 23. Qxh7 e5 24. Be3 f6 25. g4 b6 26. h4 Qd7
27. Qe4 Kc7 28. h5 Ne7 29. g5 Qe6 30. h6 gxh6 31. gxh6 f5 32. Qa8 f4 33. h7 Qh3
34. Qxa7+ Kc6 35. Qa8+ Kc7 36. h8=Q Qf1+ 37. Kd2 fxe3+ 38. Kxe3 Nf5+ 39. Kf3
Qd1+ 40. Kg2 Qg4+ 41. Kh1 1-0

[Event "ECCC 2013"]
[Site "Rhodes"]
[Date "2013.10.21"]
[Round "2"]
[White "Vitiugov, Nikita"]
[Black "Gerber, Richard"]
[Result "1-0"]
[WhiteElo "2729"]
[BlackElo "2390"]
[PlyCount "81"]
[EventDate "2013.10.20"]
[EventType "team"]
[EventRounds "7"]
[EventCountry "GRE"]
[WhiteTeam "Saint-Petersburg"]
[BlackTeam "Club d'Echecs de Geneve"]

1. d4 Nf6 2. c4 g6 3. Nc3 Bg7 4. e4 d6 5. Nf3 O-O 6. h3 e5 7. d5 a5 8. g4 Na6
9. Be3 Nd7 10. Rg1 Ndc5 11. h4 c6 12. h5 Bd7 13. Nd2 a4 14. a3 Rb8 15. Be2 cxd5
16. exd5 e4 17. Ndxe4 Nxe4 18. Nxe4 Qe7 19. Qc2 b5 20. cxb5 Rfc8 21. Qxa4 Nc7
22. Nc3 Bxc3+ 23. bxc3 Nxd5 24. hxg6 hxg6 25. Qa7 Nxe3 26. fxe3 Qh4+ 27. Kd2
Bxb5 28. Rgf1 Be8 29. Rab1 Qh8 30. Qd4 Ra8 31. Qxh8+ Kxh8 32. Rb3 Kg7 33. Rf4
Bd7 34. Rb7 Be6 35. a4 Rc5 36. Rd4 Kf6 37. Rb5 Ke5 38. Rdb4 f6 39. Bf3 Rh8 40.
Re4+ Kd5 41. c4+ 1-0

[Event "ECCC 2013"]
[Site "Rhodes"]
[Date "2013.10.21"]
[Round "2"]
[White "Landenbergue, Claude"]
[Black "Matlakov, Maxim"]
[Result "0-1"]
[WhiteElo "2393"]
[BlackElo "2682"]
[PlyCount "62"]
[EventDate "2013.10.20"]
[EventType "team"]
[EventRounds "7"]
[EventCountry "GRE"]
[WhiteTeam "Club d'Echecs de Geneve"]
[BlackTeam "Saint-Petersburg"]

1. e4 c5 2. Nf3 e6 3. c3 d5 4. exd5 Qxd5 5. d4 Nf6 6. Na3 Nc6 7. Nb5 Qd8 8.
dxc5 Bxc5 9. Qxd8+ Kxd8 10. Bg5 Ke7 11. Rd1 h6 12. Bxf6+ gxf6 13. Nbd4 Ne5 14.
g3 Bd7 15. Bg2 Nc4 16. b3 Nd6 17. Nh4 Rac8 18. Kd2 Rhd8 19. Rhe1 Nb5 20. Ndf5+
Kf8 21. Ne3 Nxc3 22. Kxc3 Bxe3+ 23. Kb2 Bxf2 24. Re2 Bb6 25. Bxb7 Bb5 26. Red2
Rxd2+ 27. Rxd2 Rc7 28. Bf3 f5 29. b4 Be3 30. Rd1 Ba4 31. Rd3 Bc1+ 0-1

[Event "ECCC 2013"]
[Site "Rhodes"]
[Date "2013.10.21"]
[Round "2"]
[White "Efimenko, Zahar"]
[Black "Domont, Alexandre"]
[Result "1-0"]
[WhiteElo "2661"]
[BlackElo "2373"]
[PlyCount "57"]
[EventDate "2013.10.20"]
[EventType "team"]
[EventRounds "7"]
[EventCountry "GRE"]
[WhiteTeam "Saint-Petersburg"]
[BlackTeam "Club d'Echecs de Geneve"]

1. Nf3 c6 2. g3 g6 3. c4 Bg7 4. d4 d5 5. Bg2 dxc4 6. O-O Bg4 7. Na3 Bxf3 8.
Bxf3 Qxd4 9. Qc2 c3 10. Rb1 Nf6 11. Rd1 Qb6 12. bxc3 Qa6 13. Qb3 b6 14. Nb5 Qb7
15. Bf4 Na6 16. Nd4 Nc5 17. Qc4 Nfe4 18. Nb3 Nxb3 19. axb3 f5 20. Bxe4 fxe4 21.
Qxe4 O-O 22. Qe6+ Rf7 23. Rd7 Qc8 24. Rbd1 c5 25. Bc7 Bf8 26. R1d3 Qe8 27. c4
Rc8 28. Rd8 Rxd8 29. Rxd8 1-0

[Event "ECCC 2013"]
[Site "Rhodes"]
[Date "2013.10.21"]
[Round "2"]
[White "Vuilleumier, Alexandre"]
[Black "Zvjaginsev, Vadim"]
[Result "0-1"]
[WhiteElo "2325"]
[BlackElo "2659"]
[PlyCount "74"]
[EventDate "2013.10.20"]
[EventType "team"]
[EventRounds "7"]
[EventCountry "GRE"]
[WhiteTeam "Club d'Echecs de Geneve"]
[BlackTeam "Saint-Petersburg"]

1. e4 c5 2. Nf3 Nc6 3. Bb5 g6 4. Bxc6 bxc6 5. O-O Bg7 6. d3 d6 7. Nbd2 e5 8. a3
a5 9. a4 Ne7 10. Re1 O-O 11. b3 f5 12. Bb2 h6 13. Nc4 g5 14. Bc3 Ng6 15. Kh1
Be6 16. Qd2 Bxc4 17. bxc4 g4 18. Ng1 d5 19. f3 gxf3 20. Nxf3 fxe4 21. dxe4 d4
22. Bb2 Qd6 23. Bc1 Rf7 24. Qd3 Qe6 25. Bd2 Ne7 26. Nh4 Qg4 27. Qg3 Qxg3 28.
hxg3 Nc8 29. Nf5 Nb6 30. Bxh6 Rxf5 31. exf5 Bxh6 32. Rxe5 Kf7 33. f6 Be3 34.
Rh5 Nd7 35. g4 Nxf6 36. Rf1 Kg6 37. Rh4 Bg5 0-1

[Event "ECCC 2013"]
[Site "Rhodes"]
[Date "2013.10.21"]
[Round "2"]
[White "Navara, David"]
[Black "Sumets, Andrey"]
[Result "0-1"]
[WhiteElo "2703"]
[BlackElo "2598"]
[PlyCount "60"]
[EventDate "2013.10.20"]
[EventType "team"]
[EventRounds "7"]
[EventCountry "GRE"]
[WhiteTeam "G-Team Novy Bor"]
[BlackTeam "S.F. Wirtzfeld"]

1. e4 c6 2. d4 d5 3. Nd2 dxe4 4. Nxe4 Bf5 5. Ng3 Bg6 6. h4 h6 7. Nf3 Nd7 8. h5
Bh7 9. Bd3 Bxd3 10. Qxd3 e6 11. Bd2 Ngf6 12. O-O-O Be7 13. Kb1 O-O 14. Ne4 c5
15. Nxf6+ Bxf6 16. d5 c4 17. Qxc4 Nb6 18. Qb3 Qxd5 19. Qxd5 Nxd5 20. c4 Ne7 21.
Bf4 Rfd8 22. Bc7 Rxd1+ 23. Rxd1 Kf8 24. Ne5 Ke8 25. Nd7 Rc8 26. Bf4 Bg5 27.
Bxg5 hxg5 28. h6 Rd8 29. hxg7 Rxd7 30. Rh1 f6 0-1

[Event "ECCC 2013"]
[Site "Rhodes"]
[Date "2013.10.21"]
[Round "2"]
[White "Winants, Luc"]
[Black "Laznicka, Viktor"]
[Result "1/2-1/2"]
[WhiteElo "2534"]
[BlackElo "2666"]
[PlyCount "44"]
[EventDate "2013.10.20"]
[EventType "team"]
[EventRounds "7"]
[EventCountry "GRE"]
[WhiteTeam "S.F. Wirtzfeld"]
[BlackTeam "G-Team Novy Bor"]

1. d4 f5 2. g3 Nf6 3. Bg2 g6 4. c4 Bg7 5. Nc3 d6 6. Bg5 Nbd7 7. Nh3 e5 8. e4
O-O 9. exf5 gxf5 10. dxe5 dxe5 11. Qc2 Qe8 12. Nb5 Qd8 13. O-O-O a6 14. Nc3 Qe8
15. Rhe1 Qg6 16. Bh4 Re8 17. Nd5 Nxd5 18. Bxd5+ Kh8 19. Ng5 Re7 20. Nf3 Re8 21.
Ng5 Re7 22. Nf3 Re8 1/2-1/2

[Event "ECCC 2013"]
[Site "Rhodes"]
[Date "2013.10.21"]
[Round "2"]
[White "Hautot, Stephane"]
[Black "Hracek, Zbynek"]
[Result "0-1"]
[WhiteElo "2378"]
[BlackElo "2636"]
[PlyCount "90"]
[EventDate "2013.10.20"]
[EventType "team"]
[EventRounds "7"]
[EventCountry "GRE"]
[WhiteTeam "S.F. Wirtzfeld"]
[BlackTeam "G-Team Novy Bor"]

1. d4 Nf6 2. c4 e6 3. Nf3 Bb4+ 4. Nbd2 O-O 5. a3 Be7 6. e4 d5 7. e5 Nfd7 8. Bd3
c5 9. h4 g6 10. h5 cxd4 11. hxg6 fxg6 12. Qc2 Qe8 13. Nb3 Rxf3 14. gxf3 Nxe5
15. f4 Nxd3+ 16. Qxd3 dxc4 17. Qxc4 Qc6 18. Qxc6 Nxc6 19. O-O b6 20. Rd1 Bf6
21. Nd2 e5 22. Ne4 Bg7 23. f3 Be6 24. b4 Rf8 25. b5 Na5 26. fxe5 Nb3 27. Rb1
Bxe5 28. Bh6 Rxf3 29. Rf1 Rxf1+ 30. Rxf1 Bf5 31. Nd2 Nxd2 32. Bxd2 h5 33. Bf4
Bf6 34. Kf2 Bd3 35. Rg1 Kf7 36. Bb8 Be7 37. Bxa7 Bc5 38. Rg5 Bf5 39. a4 d3+ 40.
Ke1 Bb4+ 41. Kf2 Ba5 42. Rg1 d2 43. Ke2 Bg4+ 44. Rxg4 hxg4 45. Bb8 g5 0-1

[Event "ECCC 2013"]
[Site "Rhodes"]
[Date "2013.10.21"]
[Round "2"]
[White "Tuncer, Ufuk"]
[Black "Cvek, Robert"]
[Result "0-1"]
[WhiteElo "2317"]
[BlackElo "2517"]
[PlyCount "88"]
[EventDate "2013.10.20"]
[EventType "team"]
[EventRounds "7"]
[EventCountry "GRE"]
[WhiteTeam "S.F. Wirtzfeld"]
[BlackTeam "G-Team Novy Bor"]

1. e4 e5 2. Nf3 Nc6 3. d4 exd4 4. Nxd4 Bc5 5. Be3 Qf6 6. c3 Nge7 7. Bc4 O-O 8.
O-O Bb6 9. Re1 d6 10. Qf3 Qg6 11. Nd2 Ne5 12. Qg3 Nxc4 13. Nxc4 Bxd4 14. Bxd4
Be6 15. Na3 a6 16. f4 Qxg3 17. hxg3 Rfe8 18. f5 Bd7 19. g4 f6 20. Nc4 Nc6 21.
Nd2 Re7 22. Kf2 Rae8 23. Rad1 h6 24. b3 Nd8 25. Be3 Bc6 26. c4 Bxe4 27. c5 Nf7
28. cxd6 cxd6 29. Bf4 Bd3 30. Rxe7 Rxe7 31. Nf3 Re2+ 32. Kg3 Be4 33. Bxd6 Rxa2
34. Bb8 Rb2 35. Re1 Bxf3 36. Re8+ Kh7 37. gxf3 Rxb3 38. Kf2 a5 39. Re7 Nd8 40.
Bd6 Rd3 41. Bc5 b5 42. Ra7 Nc6 43. Rc7 Ne5 44. Bf8 Rd7 0-1

[Event "ECCC 2013"]
[Site "Rhodes"]
[Date "2013.10.21"]
[Round "2"]
[White "Sutovsky, Emil"]
[Black "Bok, Benjamin"]
[Result "1-0"]
[WhiteElo "2657"]
[BlackElo "2525"]
[PlyCount "111"]
[EventDate "2013.10.20"]
[EventType "team"]
[EventRounds "7"]
[EventCountry "GRE"]
[WhiteTeam "Odlar Yurdu"]
[BlackTeam "Amay Chess Club"]

1. e4 e5 2. Nf3 Nc6 3. Bb5 a6 4. Ba4 Nf6 5. O-O b5 6. Bb3 Bc5 7. a4 Rb8 8. c3
d6 9. d4 Bb6 10. axb5 axb5 11. Na3 O-O 12. Nxb5 Bg4 13. Bc2 Bxf3 14. gxf3 Nh5
15. f4 Nxf4 16. Bxf4 exf4 17. Qg4 Qf6 18. Ra6 g6 19. Nxc7 Bxc7 20. Rxc6 Rxb2
21. Bd3 Bb8 22. h4 Rb7 23. h5 Kg7 24. Ra1 f3 25. Ra5 Re8 26. Rg5 Ra7 27. e5 Qe6
28. Qxf3 Ra1+ 29. Kg2 Qe7 30. Rg4 Rd8 31. Qf5 Ra5 32. Bc4 Kh8 33. Qxf7 Qxf7 34.
Bxf7 dxe5 35. hxg6 Kg7 36. d5 Ra7 37. gxh7+ Kxf7 38. Rcg6 Rh8 39. Rg8 Rxh7 40.
Rxb8 Rh5 41. c4 Ra2 42. Rgg8 e4 43. Rbf8+ Ke7 44. Re8+ Kd7 45. Rd8+ Kc7 46. d6+
Kb6 47. Rc8 Rd2 48. Rg6 Ka5 49. Rb8 Rf5 50. d7 Rxd7 51. Rb2 Rdf7 52. Re6 Rg5+
53. Kf1 Rh7 54. Re8 Ra7 55. Ra2+ Kb6 56. Re6+ 1-0

[Event "ECCC 2013"]
[Site "Rhodes"]
[Date "2013.10.21"]
[Round "2"]
[White "Zaragatski, Ilja"]
[Black "Guseinov, Gadir"]
[Result "0-1"]
[WhiteElo "2510"]
[BlackElo "2603"]
[PlyCount "112"]
[EventDate "2013.10.20"]
[EventType "team"]
[EventRounds "7"]
[EventCountry "GRE"]
[WhiteTeam "Amay Chess Club"]
[BlackTeam "Odlar Yurdu"]

1. Nf3 g6 2. e4 c5 3. d4 cxd4 4. Qxd4 Nf6 5. Nc3 Nc6 6. Qa4 d6 7. e5 dxe5 8.
Nxe5 Bd7 9. Nxd7 Qxd7 10. Be3 Bg7 11. Rd1 Qc7 12. g3 O-O 13. Bg2 a6 14. O-O b5
15. Qb3 Rab8 16. Nd5 Nxd5 17. Rxd5 Na5 18. Qb4 Nc4 19. Bf4 e5 20. Bc1 Rfc8 21.
c3 Bf8 22. Qb3 b4 23. Qd1 bxc3 24. bxc3 Nb6 25. Rd3 Qc4 26. Qe2 Na4 27. Bd5
Nxc3 28. Qf3 Nxd5 29. Qxd5 Qxd5 30. Rxd5 Rb5 31. Rxb5 axb5 32. Bb2 f6 33. Rc1
Ra8 34. Ra1 Rc8 35. Rc1 Rxc1+ 36. Bxc1 Kf7 37. Kf1 Ke6 38. Ke2 Kd5 39. f3 Kc4
40. Bd2 f5 41. h3 Bb4 42. Bg5 Bc5 43. Bd2 e4 44. fxe4 fxe4 45. g4 h5 46. gxh5
gxh5 47. Be1 Bd4 48. Bd2 Bb6 49. Be1 e3 50. Bh4 Kc3 51. Bf6+ Kc2 52. Be7 Kb2
53. a3 Kc3 54. Bb4+ Kc4 55. Be7 Bc5 56. Bf6 Kb3 0-1

[Event "ECCC 2013"]
[Site "Rhodes"]
[Date "2013.10.21"]
[Round "2"]
[White "Tan, Matthew"]
[Black "Rasulov, Vugar"]
[Result "0-1"]
[WhiteElo "2438"]
[BlackElo "2514"]
[PlyCount "50"]
[EventDate "2013.10.20"]
[EventType "team"]
[EventRounds "7"]
[EventCountry "GRE"]
[WhiteTeam "Amay Chess Club"]
[BlackTeam "Odlar Yurdu"]

1. e4 e5 2. Bc4 Nf6 3. d3 c6 4. Nf3 d5 5. Bb3 Bd6 6. Nc3 dxe4 7. Ng5 O-O 8.
Ncxe4 Nxe4 9. Nxe4 Bf5 10. Qf3 Bg6 11. O-O Kh8 12. Qg3 Bc7 13. f4 Bxe4 14. dxe4
Nd7 15. Kh1 f5 16. exf5 Rxf5 17. Be6 Rf6 18. f5 Nc5 19. Bg5 Ne4 20. Qh4 Nxg5
21. Qxg5 Qf8 22. Rad1 Re8 23. Rfe1 g6 24. g4 Rfxe6 25. Rd7 R6e7 0-1

[Event "ECCC 2013"]
[Site "Rhodes"]
[Date "2013.10.21"]
[Round "2"]
[White "Kleijn, Christov"]
[Black "Mammadov, Zaur"]
[Result "1-0"]
[WhiteElo "2423"]
[BlackElo "2426"]
[PlyCount "111"]
[EventDate "2013.10.20"]
[EventType "team"]
[EventRounds "7"]
[EventCountry "GRE"]
[WhiteTeam "Amay Chess Club"]
[BlackTeam "Odlar Yurdu"]

1. e4 e6 2. d4 d5 3. Nc3 Nf6 4. Bg5 Be7 5. e5 Nfd7 6. Bxe7 Qxe7 7. f4 a6 8. Nf3
c5 9. Qd2 Nc6 10. dxc5 O-O 11. O-O-O Nxc5 12. Bd3 b5 13. Qf2 f6 14. exf6 Nxd3+
15. Rxd3 Qxf6 16. g3 b4 17. Na4 e5 18. Nb6 Rb8 19. Nxd5 Qh6 20. Qc5 Bb7 21. Re1
Kh8 22. Nxe5 Nxe5 23. Rxe5 Qxh2 24. Ne7 Bf3 25. Qe3 Bg4 26. Qd2 Qh1+ 27. Qe1
Qb7 28. Qe4 Qb6 29. Nd5 Qh6 30. Ne3 Bh5 31. Qh1 Rb5 32. Nf5 Qg6 33. Rdd5 Bg4
34. Ne3 Bc8 35. Qh4 h6 36. Rd8 Qf7 37. Re7 Qg8 38. Rd6 h5 39. b3 Qh7 40. Nc4
Rc5 41. Re5 Rxe5 42. Nxe5 Bf5 43. Qe7 Qg8 44. g4 hxg4 45. Rd1 Bh7 46. f5 Rf6
47. Rd8 Bxf5 48. Rxg8+ Kxg8 49. Qd8+ Kh7 50. Qd4 Re6 51. Qf4 g6 52. Nxg4 a5 53.
Ne3 Re4 54. Qg5 Re5 55. Kb2 Kg7 56. Qf4 1-0

[Event "ECCC 2013"]
[Site "Rhodes"]
[Date "2013.10.21"]
[Round "2"]
[White "Rapport, Richard"]
[Black "Volke, Karsten"]
[Result "1-0"]
[WhiteElo "2676"]
[BlackElo "2459"]
[PlyCount "65"]
[EventDate "2013.10.20"]
[EventType "team"]
[EventRounds "7"]
[EventCountry "GRE"]
[WhiteTeam "Clichy Echecs 92"]
[BlackTeam "Reichenstein SSB"]

1. d4 Nf6 2. c4 e6 3. Nc3 Bb4 4. e3 d5 5. a3 Be7 6. cxd5 Nxd5 7. Nf3 c5 8. Bd3
cxd4 9. exd4 Nc6 10. Bc2 b6 11. Qd3 Nxc3 12. bxc3 g6 13. Bh6 Bf8 14. Bg5 Be7
15. Bh6 Bf8 16. Ba4 Bd7 17. d5 exd5 18. Bg5 Be7 19. Qxd5 O-O 20. Bh6 Re8 21.
O-O Qc7 22. Rfe1 Bf6 23. Ng5 Bxg5 24. Qxg5 Qd8 25. Qd5 Rc8 26. Rad1 Rxe1+ 27.
Rxe1 Be6 28. Qe4 Ne7 29. Bg5 Rc4 30. Qb7 Rxa4 31. Bxe7 Qe8 32. Bf6 Rf4 33. Rxe6
1-0